00618nam a2200145Ia 4500008004100000024005200041082001700093100009200110245006000202260002500262600002700287650003300314952010800347999001700455250506s9999 xx 000 0 und d a12B-64-EL, 12B-78-EL, 12B-79-EL & 12B-80-EL a621.3072 MUH aMuhammad Muzzamil Ejaz, Wasiq Shaikh, Muhammad Arsalan Arshad & Muhammad Rizwan Kamleen 0aTo Reduce the Moisture in Coal for Fine Burning Purpose aKarachi:bUIT,c2012 aElectrical Engineering aBachelor of Engineering (BE) 001040708PR-EEaUITUbUITUd2022-07-26l0o621.3072 MUHpEE-406r2025-05-06 11:34:24w2025-05-06yPR c28384d28384